Algoritmo de detección de escalas musicales para violín
Gardado en:
| Autor Principal: | |
|---|---|
| Outros autores: | |
| Formato: | Libro |
| Idioma: | Spanish |
| Publicado: |
[San José], Costa Rica
2014
|
| Materias: | |
| Etiquetas: |
Engadir etiqueta
Sen Etiquetas, Sexa o primeiro en etiquetar este rexistro!
|
MARC
| LEADER | 00000nam a22000007a 4500 | ||
|---|---|---|---|
| 003 | 012178 | ||
| 005 | 20230822150840.0 | ||
| 008 | 150715b2014 cr a|||| |||| 00| ||spa d | ||
| 040 | |c cru CEDI | ||
| 090 | |a TFG 7343 | ||
| 100 | |9 1176 |a Campos Salas, Mauricio, 1992- | ||
| 245 | |a Algoritmo de detección de escalas musicales para violín | ||
| 260 | |a [San José], Costa Rica |c 2014 | ||
| 300 | |a xi, 31 páginas : ilustraciones a color | ||
| 500 | |a Proyecto de graduación (bachillerato en ingeniería eléctrica)--Universidad de Costa Rica. Facultad de Ingeniería. Escuela de Ingeniería Eléctrica | ||
| 501 | |a Profesor Guía de IE-0499 Proyecto Eléctrico: Ing. Gustavo Núñez Segura | ||
| 650 | |x INTERVALOS Y ESCALAS MUSICALES |x ESPECTROS DE FRECUENCIA |x PROCESAMIENTO DE SEÑALES |x ALGORITMOS (COMPUTADORAS) |x MUSICA |x INGENIERIA |9 866 | ||
| 700 | |9 918 |a Núñez Segura, Gustavo, 1990- |d Director de Proyecto Eléctrico | ||
| 942 | |c CEDI |h TFG 7343 |i 012178 |6 TFG_7343_012178000000000 | ||
| 999 | |c 13883 |d 13883 | ||
